Electronic Customer Relationship Management (Record no. 747)

MARC details
000 -LEADER
Fixed length control field 00518nam a2200169 4500
003 - CONTROL NUMBER IDENTIFIER
Control field SEACOMMC
005 - DATE AND TIME OF LATEST TRANSACTION
Control field 20250424153646.0
008 - FIXED-LENGTH DATA ELEMENTS--GENERAL INFORMATION
Fixed length control field 241106b |||||||| |||| 00| 0 eng d
020 ## - INTERNATIONAL STANDARD BOOK NUMBER / ISBN
International Standard Book Number 978-81-20329-94-2
Price Rs.225.00
040 ## - CATALOGING SOURCE
Original cataloging agency SEACOMMC
082 ## - DEWEY DECIMAL CLASSIFICATION NUMBER
Classification number 658.81202855
Book Number F 567
100 ## - MAIN ENTRY--PERSONAL NAME
Personal name Fjermestad, Jerry,
245 1# - TITLE STATEMENT
Title Electronic Customer Relationship Management
Statement of responsibility edited by Jerry Fjermestad and Nicholas C. Romano
260 ## - IMPRINT
Place of publication New Delhi
Name of publisher Prentice Hall of India
Date of publication 2006
650 ## - SUBJECT ADDED ENTRY--TOPICAL TERM
Topical term Management
942 ## - ADDED ENTRY ELEMENTS (KOHA)
Koha item type Books
Holdings
Withdrawn status Lost status Source of classification Damaged status Not for loan Home library Current library Shelving location Date acquired Total Checkouts Call number Accession number Date last seen Price effective from Koha item type Copy number
    Dewey Decimal Classification     SEACOM MANAGEMENT COLLEGE SEACOM MANAGEMENT COLLEGE Reference 15/11/2007   658.81202855 F 567 M-865 06/11/2024 06/11/2024 Books  
    Dewey Decimal Classification     SEACOM MANAGEMENT COLLEGE SEACOM MANAGEMENT COLLEGE   15/11/2007   658.81202855 F 567 M-866 06/11/2024 06/11/2024 Books 1
© Seacom Engineering College, All rights reserved.    Powered by Koha